The whiny prophet who always said no / (Record no. 13832)

000 -LEADER
fixed length control field 00698nam a2200193 4500
020 ## - ISBN
ISBN 9789710094691
082 ## - DEWEY DECIMAL CLASSIFICATION NUMBER
Classification number Fil. 224.9209505 A4335f 2015
100 ## - MAIN ENTRY--PERSONAL NAME
Personal name Alba-Jones, Beng
245 ## - TITLE STATEMENT
Title The whiny prophet who always said no /
Statement of responsibility, etc. retold by Beng Alba-Jones ; illustrated by Bon Bernardo
260 ## - PUBLICATION, DISTRIBUTION, ETC. (IMPRINT)
Place of publication, distribution, etc. Metro Manila
Name of publisher, distributor, etc. OMF Literature Inc.
Date of publication, distribution, etc. c2014
300 ## - PHYSICAL DESCRIPTION
Extent/Page number 30 pages :
Other physical details chiefly colored illustrations ;
Dimensions 22.5 x 17 cm
490 ## - SERIES STATEMENT
Series statement Wow god!
526 ## - STUDY PROGRAM INFORMATION NOTE
PROGRAM TYPE Religion (men’s faith)
SUB-PROGRAM TYPE Bible
650 ## - SUBJECT ADDED ENTRY--TOPICAL TERM
Topical term or geographic name as entry element Bible stories, English -- Jonah
650 ## - SUBJECT ADDED ENTRY--TOPICAL TERM
Topical term or geographic name as entry element Obedience -- Religious aspects -- Christianity
650 ## - SUBJECT ADDED ENTRY--TOPICAL TERM
Topical term or geographic name as entry element Children's stories, Philippine (English)
650 ## - SUBJECT ADDED ENTRY--TOPICAL TERM
Topical term or geographic name as entry element Children's stories, Tagalog
942 ## - ADDED ENTRY ELEMENTS
Classification
Item type Book
Holdings
Withdrawn status Lost status Source of classification or shelving scheme Damaged status Not for loan Collection code Permanent Location Current Location Shelving location Date acquired Source of acquisition Cost, normal purchase price Full call number Barcode Date last seen Cost, replacement price Price effective from Item type
          Filipiniana Grade School Library Grade School Library Filipiniana 2026-02-04 MIBF 150.00 Fil. 224.9209505 A4335f 2015 GS5732 2026-02-04 300.00 2026-02-04 Book